[Event "Remote Federal-ch email"]
[Site "Remote email"]
[Date "2013.09.11"]
[Round "?"]
[White "Spieler, Freakie"]
[Black "Neumann, Andreas"]
[Result "0-1"]
[WhiteElo "2217"]
[BlackElo "2164"]
[PlyCount "126"]
[EventDate "2013.??.??"]
[EventType "swiss (corr)"]
[EventRounds "12"]
[EventCountry "GER"]
[SourceTitle "Corr 2015"]
[Source "ChessBase"]
[SourceDate "2015.07.17"]
[SourceVersion "1"]
[SourceVersionDate "2015.07.17"]
[SourceQuality "1"]

1. d4 d5 2. c4 dxc4 3. e4 e5 4. Nf3 exd4 5. Qxd4 Nf6 6. Qxd8+ Kxd8 7. e5 Bb4+ 8. Bd2 Bxd2+ 9. Nbxd2 c3 10. bxc3 Nd5 11. Ne4 Ke7 12. 0-0-0 Be6 13. Kb2 Nd7 14. Bb5 c6 15. Bc4 h6 16. Rhe1 Rhd8 17. Rd4 b5 18. Bb3 a5 19. Rd2 a4 20. Bxd5 Bxd5 21. Nd4 Nb6 22. Nd6 g6 23. f4 f6 24. Rde2 fxe5 25. fxe5 a3+ 26. Kc1 Rf8 27. Kc2 Kd7 28. Nb3 Kc7 29. Rd1 Rf4 30. Nc1 Rg4 31. Rdd2 Rg5 32. Rd4 Rxg2 33. Rxg2 Bxg2 34. Rg4 Bd5 35. Rxg6 Nd7 36. Rg7 Rg8 37. Rxg8 Bxg8 38. Ne8+ Kd8 39. Nf6 Nxf6 40. exf6 Bc4 41. Nd3 Ke8 42. Nb4 Kf7 43. Kd2 Kxf6 44. Nc2 Bxa2 45. Nxa3 Kg5 46. Ke3 Kg4 47. Nc2 Kh3 48. Kf4 c5 49. Ke5 Bb3 50. Ne3 h5 51. Nf1 b4 52. cxb4 cxb4 53. Kd4 Bf7 54. Ke3 Kg2 55. Nd2 b3 56. h4 Kg3 57. Kd3 Kxh4 58. Kc3 Kg3 59. Ne4+ Kf4 60. Nf2 h4 61. Kb2 Kf3 62. Nh3 Kg3 63. Ng5 Bd5 0-1

[Event "Remote-chT2 Bd.2/1 email"]
[Site "Remote email"]
[Date "2012.11.06"]
[Round "?"]
[White "Duchene, Klaus"]
[Black "Neumann, Andreas"]
[Result "1/2-1/2"]
[WhiteElo "2273"]
[BlackElo "2139"]
[PlyCount "107"]
[EventDate "2012.??.??"]
[EventType "tourn (corr)"]
[EventRounds "8"]
[EventCountry "GER"]
[SourceTitle "Corr 2015"]
[Source "ChessBase"]
[SourceDate "2015.07.17"]
[SourceVersion "1"]
[SourceVersionDate "2015.07.17"]
[SourceQuality "1"]

1. c4 e5 2. g3 Nf6 3. Bg2 Bc5 4. e3 d5 5. cxd5 Nxd5 6. Ne2 0-0 7. d4 exd4 8. Nxd4 Nc6 9. Nxc6 bxc6 10. Qa4 Rb8 11. 0-0 Qe7 12. Nd2 Nb4 13. a3 Nd3 14. Nc4 Bf5 15. Qxc6 Be6 16. Qa4 Rfd8 17. Na5 Bd5 18. Bxd5 Rxd5 19. Qc4 Qe6 20. b4 Bb6 21. e4 Rd6 22. Be3 Bxe3 23. fxe3 Qxc4 24. Nxc4 Re6 25. Rad1 Rxe4 26. Rxd3 Rxc4 27. Rf4 Rc1+ 28. Kf2 Re8 29. Rf5 Rc2+ 30. Kf3 g6 31. Ra5 Re6 32. e4 Rxh2 33. Rxa7 Rf6+ 34. Ke3 Rg2 35. Rxc7 h5 36. b5 Rxg3+ 37. Kd2 h4 38. a4 Rf2+ 39. Kc3 Ra2 40. Kb3 Re2 41. Rxg3 hxg3 42. Rc1 Re3+ 43. Kb4 Rxe4+ 44. Ka5 f5 45. b6 Re2 46. Kb5 f4 47. b7 Kg7 48. Rc4 Re5+ 49. Kb4 Re1 50. Kc3 Re3+ 51. Kb2 Re2+ 52. Rc2 Rxc2+ 53. Kxc2 g2 54. b8Q 1/2-1/2

[Event "Remote-chT2 Bd.2/1 email"]
[Site "Remote email"]
[Date "2012.11.06"]
[Round "?"]
[White "Neumann, Andreas"]
[Black "Figura, Atila Gajo"]
[Result "0-1"]
[WhiteElo "2130"]
[BlackElo "2377"]
[PlyCount "124"]
[EventDate "2012.??.??"]
[EventType "tourn (corr)"]
[EventRounds "8"]
[EventCountry "GER"]
[SourceTitle "Corr 2015"]
[Source "ChessBase"]
[SourceDate "2015.07.17"]
[SourceVersion "1"]
[SourceVersionDate "2015.07.17"]
[SourceQuality "1"]

1. e4 e5 2. Nf3 Nc6 3. Bb5 a6 4. Bxc6 dxc6 5. 0-0 Qd6 6. d3 Ne7 7. Be3 Ng6 8. Nbd2 Be7 9. Nc4 Qe6 10. Qd2 0-0 11. a4 a5 12. Rfe1 b6 13. b3 f6 14. h3 Ba6 15. Rad1 Rad8 16. c3 c5 17. Qc2 f5 18. Qe2 Bb7 19. Bc1 Rde8 20. Qe3 Rf7 21. Ng5 Bxg5 22. Qxg5 fxe4 23. dxe4 Ba6 24. Qd2 Bxc4 25. bxc4 Qxc4 26. Qc2 Nf8 27. Be3 h6 28. f3 Rd7 29. Rxd7 Nxd7 30. Rd1 Nf6 31. Bf2 Re7 32. g4 Qe6 33. Bh4 Rf7 34. Kg2 Nd7 35. Rd2 c4 36. Bf2 Nf8 37. Bg3 Rd7 38. h4 Rxd2+ 39. Qxd2 Nd7 40. Bf2 Kf8 41. Qd1 Qd6 42. Qe2 Qd3 43. Qb2 Ke7 44. h5 Kd8 45. Qb5 Kc8 46. Qa6+ Kb8 47. Qb5 Kb7 48. Kg3 c5 49. Qb2 Nf6 50. Kg2 Qd1 51. Bxc5 Qb3 52. Ba3 Qxa4 53. Bd6 Qc6 54. Bxe5 Nxg4 55. Bxg7 Ne3+ 56. Kh1 Qe8 57. Qa2 Qxh5+ 58. Kg1 Qg5+ 59. Kh1 Qxg7 60. Qd2 Qg2+ 61. Qxg2 Nxg2 62. Kxg2 a4 0-1

[Event "Remote-chT2 Bd.2/1 email"]
[Site "Remote email"]
[Date "2012.11.06"]
[Round "?"]
[White "Neumann, Andreas"]
[Black "Scheiba, Manfred"]
[Result "0-1"]
[WhiteElo "2139"]
[BlackElo "2517"]
[PlyCount "100"]
[EventDate "2012.??.??"]
[EventType "tourn (corr)"]
[EventRounds "8"]
[EventCountry "GER"]
[SourceTitle "Corr 2015"]
[Source "ChessBase"]
[SourceDate "2015.07.17"]
[SourceVersion "1"]
[SourceVersionDate "2015.07.17"]
[SourceQuality "1"]

1. e4 c6 2. d4 d5 3. e5 Bf5 4. Nf3 e6 5. Be2 c5 6. 0-0 Nc6 7. c3 cxd4 8. cxd4 Nge7 9. Nc3 Bg4 10. h3 Bxf3 11. Bxf3 Nf5 12. Be3 Be7 13. Qd3 Qd7 14. Rac1 0-0 15. a3 Na5 16. Rc2 Rac8 17. Re1 b5 18. Rec1 a6 19. Bg4 Nxe3 20. Qxe3 Nc4 21. Qg3 Rc7 22. Nd1 Rfc8 23. f4 Rc6 24. Qd3 g6 25. Kh2 Kg7 26. Qe2 Bd8 27. Nf2 Qa7 28. Nd3 Qxd4 29. Nb4 R6c7 30. Nxa6 Ra7 31. Nb4 h5 32. Bf3 Qxf4+ 33. g3 Qf5 34. Rf1 Rac7 35. Bxd5 Qxf1 36. Qxf1 Ne3 37. Qxb5 Rxc2+ 38. Nxc2 Rxc2+ 39. Kh1 Nxd5 40. a4 Bc7 41. a5 Bxe5 42. a6 Rxb2 43. Qd3 Ra2 44. h4 Ra5 45. Kh2 Nc7 46. Qd8 Rxa6 47. Qg5 Ra2+ 48. Kh3 Re2 49. Qc1 Nd5 50. Qc4 Re3 0-1

[Event "Remote Random-143 email"]
[Site "Remote email"]
[Date "2012.09.05"]
[Round "?"]
[White "Gottwald, Bernhard"]
[Black "Neumann, Andreas"]
[Result "0-1"]
[WhiteElo "1856"]
[BlackElo "2049"]
[PlyCount "56"]
[EventDate "2012.??.??"]
[EventType "tourn (corr)"]
[EventRounds "6"]
[EventCountry "GER"]
[SourceTitle "Corr 2015"]
[Source "ChessBase"]
[SourceDate "2015.07.17"]
[SourceVersion "1"]
[SourceVersionDate "2015.07.17"]
[SourceQuality "1"]

1. e4 c5 2. Nf3 d6 3. d4 cxd4 4. Nxd4 Nf6 5. Nc3 e6 6. Bc4 Nc6 7. Be3 Bd7 8. 0-0 Be7 9. f4 0-0 10. f5 Ne5 11. Bb3 Neg4 12. Bc1 e5 13. Nf3 Qb6+ 14. Kh1 Nf2+ 15. Rxf2 Qxf2 16. Bg5 Qc5 17. Qd3 Ng4 18. Rf1 Bxg5 19. Nd1 Bc1 20. h3 Nf6 21. c4 a5 22. a3 Bc6 23. Bc2 Bxe4 24. Qe2 Nh5 25. Qf2 Qxf2 26. Rxf2 Ng3+ 27. Kg1 Bxf5 28. Bxf5 Nxf5 0-1

[Event "Remote Random-143 email"]
[Site "Remote email"]
[Date "2012.09.05"]
[Round "?"]
[White "Klebe, Dieter"]
[Black "Neumann, Andreas"]
[Result "0-1"]
[WhiteElo "1638"]
[BlackElo "2049"]
[PlyCount "66"]
[EventDate "2012.??.??"]
[EventType "tourn (corr)"]
[EventRounds "6"]
[EventCountry "GER"]
[SourceTitle "Corr 2015"]
[Source "ChessBase"]
[SourceDate "2015.07.17"]
[SourceVersion "1"]
[SourceVersionDate "2015.07.17"]
[SourceQuality "1"]

1. e4 c5 2. Nf3 d6 3. d4 cxd4 4. Nxd4 Nf6 5. Nc3 e6 6. Bc4 Nc6 7. Be3 a6 8. 0-0 Be7 9. a3 0-0 10. b4 Ne5 11. Ba2 Qc7 12. Nf3 Nxf3+ 13. Qxf3 Qxc3 14. Bb3 Bd7 15. Rac1 a5 16. Qg3 a4 17. Ba2 Nxe4 18. Qf4 d5 19. Qg4 Qxa3 20. Bh6 Bf6 21. Bxd5 exd5 22. Qxd7 gxh6 23. Qxd5 Qxb4 24. Qf5 Ra5 25. Rb1 Qxb1 26. Qxa5 Qxc2 27. Qb6 a3 28. Qxb7 Bd4 29. h3 Bxf2+ 30. Rxf2 Qxf2+ 31. Kh2 Qf4+ 32. Kg1 Rb8 33. Qxb8+ Qxb8 0-1

[Event "Remote S7E Basic-57 email"]
[Site "Remote email"]
[Date "2012.08.18"]
[Round "?"]
[White "Hauswald, Frank"]
[Black "Neumann, Andreas"]
[Result "0-1"]
[WhiteElo "2088"]
[BlackElo "2040"]
[PlyCount "48"]
[EventDate "2012.??.??"]
[EventType "tourn (corr)"]
[EventRounds "6"]
[EventCountry "GER"]
[SourceTitle "Corr 2015"]
[Source "ChessBase"]
[SourceDate "2015.07.17"]
[SourceVersion "1"]
[SourceVersionDate "2015.07.17"]
[SourceQuality "1"]

1. e4 e5 2. Nf3 Nf6 3. Nxe5 d6 4. Nf3 Nxe4 5. d3 Nf6 6. d4 d5 7. c4 Bb4+ 8. Bd2 c5 9. Bxb4 cxb4 10. Nbd2 0-0 11. b3 Nc6 12. cxd5 Re8+ 13. Be2 Nxd5 14. Qc2 Nc3 15. Kf1 Rxe2 16. Qd3 Qf6 17. a3 Bf5 18. Qc4 Rxd2 19. Nxd2 b5 20. Qc5 Bd3+ 21. Kg1 Ne2+ 22. Kf1 Nexd4+ 23. Kg1 Ne2+ 24. Kf1 Qxa1+ 0-1

[Event "Remote S7E Basic-57 email"]
[Site "Remote email"]
[Date "2012.08.18"]
[Round "?"]
[White "Kirstein, Dieter"]
[Black "Neumann, Andreas"]
[Result "0-1"]
[WhiteElo "1992"]
[BlackElo "2040"]
[PlyCount "28"]
[EventDate "2012.??.??"]
[EventType "tourn (corr)"]
[EventRounds "6"]
[EventCountry "GER"]
[SourceTitle "Corr 2015"]
[Source "ChessBase"]
[SourceDate "2015.07.17"]
[SourceVersion "1"]
[SourceVersionDate "2015.07.17"]
[SourceQuality "1"]

1. Nc3 e5 2. e4 Bb4 3. Nd5 Nc6 4. Nxb4 Nxb4 5. Nf3 Nf6 6. Bc4 d5 7. exd5 Bg4 8. d3 Bxf3 9. gxf3 Nbxd5 10. Be3 0-0 11. Qd2 c6 12. 0-0-0 b5 13. Bb3 a5 14. Rhg1 Nxe3 0-1

[Event "Remote S7E-141 email"]
[Site "Remote email"]
[Date "2012.08.11"]
[Round "?"]
[White "Kirstein, Dieter"]
[Black "Neumann, Andreas"]
[Result "0-1"]
[WhiteElo "2027"]
[BlackElo "2040"]
[PlyCount "28"]
[EventDate "2012.??.??"]
[EventType "tourn (corr)"]
[EventRounds "6"]
[EventCountry "GER"]
[SourceTitle "Corr 2015"]
[Source "ChessBase"]
[SourceDate "2015.07.17"]
[SourceVersion "1"]
[SourceVersionDate "2015.07.17"]
[SourceQuality "1"]

1. d4 Nf6 2. c4 e6 3. Nc3 Bb4 4. Qc2 d5 5. Bg5 dxc4 6. Nf3 b5 7. e4 h6 8. Bh4 g5 9. Bg3 Bb7 10. e5 Ne4 11. Be2 g4 12. Nd2 Qxd4 13. Rd1 Bxc3 14. bxc3 Qxc3 0-1

[Event "Verbandsliga Nord Baden 0001"]
[Site "Germany"]
[Date "2001.01.14"]
[Round "5.4"]
[White "Neumann, Andreas"]
[Black "Klueners, Juergen"]
[Result "1-0"]
[WhiteElo "2210"]
[BlackElo "2173"]
[PlyCount "53"]
[EventDate "2000.10.??"]
[EventType "team-tourn"]
[EventRounds "9"]
[EventCountry "GER"]
[SourceTitle "EXT 2004"]
[Source "ChessBase"]
[SourceDate "2003.11.25"]
[SourceVersion "1"]
[SourceVersionDate "2003.11.25"]
[SourceQuality "1"]
[WhiteTeam "Durlach"]
[BlackTeam "Neckargemuend"]
[WhiteTeamCountry "GER"]
[BlackTeamCountry "GER"]

1. e4 e5 2. Nf3 Nf6 3. Bc4 Nxe4 4. Nc3 Nxc3 5. dxc3 f6 6. Nh4 g6 7. f4 Qe7 8. f5 Qg7 9. fxg6 hxg6 10. Qg4 g5 11. Nf5 Qh7 12. Bd3 Qf7 13. Rf1 Rxh2 14. Bxg5 Qg8 15. Qg3 Rxg2 16. Qxg2 Qxg5 17. Qxg5 fxg5 18. Rg1 d5 19. Rxg5 Kf7 20. 0-0-0 Kf6 21. Rh5 e4 22. Be2 Nc6 23. Rf1 Be6 24. Nd4+ Ke7 25. Rh7+ Kd6 26. Nb5+ Ke5 27. Rh5+ 1-0

[Event "Verbandsliga Nord Baden 9900"]
[Site "Germany"]
[Date "2000.04.16"]
[Round "9.3"]
[White "Wenner, Tobias"]
[Black "Neumann, Andreas"]
[Result "1-0"]
[WhiteElo "2157"]
[BlackElo "2210"]
[PlyCount "127"]
[EventDate "1999.09.26"]
[EventType "team-tourn"]
[EventRounds "9"]
[EventCountry "GER"]
[SourceTitle "EXT 2002"]
[Source "ChessBase"]
[SourceDate "2001.11.25"]
[SourceVersion "1"]
[SourceVersionDate "2001.11.25"]
[SourceQuality "1"]
[WhiteTeam "Eppingen II"]
[BlackTeam "Durlach"]
[WhiteTeamCountry "GER"]
[BlackTeamCountry "GER"]

1. Nf3 d5 2. c4 dxc4 3. Na3 Qd5 4. Qa4+ Nc6 5. Qxc4 Qxc4 6. Nxc4 Nf6 7. g3 Be6 8. Ne3 Nd5 9. a3 Nxe3 10. fxe3 Bd5 11. Bg2 a5 12. d3 e5 13. e4 Be6 14. Be3 f6 15. Rc1 a4 16. h4 h5 17. Bh3 Bf7 18. Kf2 Bd6 19. Bc5 Bxc5+ 20. Rxc5 Ke7 21. e3 Ra5 22. Rhc1 Rxc5 23. Rxc5 Rd8 24. d4 Kd6 25. Rc3 exd4 26. Nxd4 Nxd4 27. exd4 Re8 28. Bg2 Bg6 29. Re3 Re7 30. e5+ fxe5 31. dxe5+ Rxe5 32. Rxe5 Kxe5 33. Bxb7 Be4 34. Ba6 Kd4 35. Ke2 Bd5 36. Kd2 Bc6 37. Bd3 Be8 38. Bc2 c5 39. Bd3 Kd5 40. Ke3 Ke5 41. Be4 Ke6 42. Kf4 Kf6 43. Bc2 Bc6 44. b3 axb3 45. Bxb3 Bb5 46. Bc2 Be2 47. a4 Bc4 48. a5 Ba6 49. Be4 c4 50. Ke3 g5 51. Kd4 gxh4 52. gxh4 Bb5 53. Bd5 Kf5 54. Bxc4 Bc6 55. a6 Kg4 56. Bd5 Bxd5 57. Kxd5 Kxh4 58. a7 Kg3 59. a8Q h4 60. Qa3+ Kg2 61. Qb2+ Kg3 62. Qc3+ Kg2 63. Qd2+ Kg3 64. Qe1+ 1-0

[Event "Kassel op"]
[Site "Kassel"]
[Date "1999.05.24"]
[Round "6"]
[White "Felczer, Kevin"]
[Black "Neumann, Andreas"]
[Result "1-0"]
[WhiteElo "2146"]
[BlackElo "2210"]
[PlyCount "81"]
[EventDate "1999.05.23"]
[EventType "swiss"]
[EventRounds "7"]
[EventCountry "GER"]
[SourceTitle "EXT 2000"]
[Source "ChessBase"]
[SourceDate "1999.11.16"]
[SourceVersion "1"]
[SourceVersionDate "1999.11.16"]
[SourceQuality "1"]

1. e4 c5 2. c3 d5 3. exd5 Qxd5 4. d4 cxd4 5. cxd4 Nc6 6. Nf3 Bf5 7. Nc3 Qa5 8. Qb3 Qb4 9. d5 Qxb3 10. axb3 Nb4 11. Bb5+ Bd7 12. Bxd7+ Kxd7 13. Ne5+ Ke8 14. Nb5 Nxd5 15. Ke2 Ngf6 16. Bg5 Ne4 17. Rhd1 Nxg5 18. Rxd5 Ne6 19. g3 f6 20. Nd3 Rd8 21. Rxd8+ Nxd8 22. Rxa7 e6 23. b4 Kd7 24. Nd4 e5 25. Nb3 Bd6 26. Ndc5+ Kc7 27. Ra8 Rf8 28. Kd3 Rf7 29. Kc4 Re7 30. Kd5 Nc6 31. b5 Nb4+ 32. Kc4 Bxc5 33. Nxc5 Nc2 34. Na4 Nd4 35. b6+ Kc6 36. Rc8+ Kd6 37. Nc3 Rd7 38. Ne4+ Ke6 39. Nc5+ Kd6 40. Nxd7 Kxd7 41. Rc7+ 1-0

[Event "Kassel op"]
[Site "Kassel"]
[Date "1999.05.23"]
[Round "4"]
[White "Kleinschroth, Roland"]
[Black "Neumann, Andreas"]
[Result "1/2-1/2"]
[WhiteElo "2180"]
[BlackElo "2210"]
[PlyCount "87"]
[EventDate "1999.05.23"]
[EventType "swiss"]
[EventRounds "7"]
[EventCountry "GER"]
[SourceTitle "EXT 2000"]
[Source "ChessBase"]
[SourceDate "1999.11.16"]
[SourceVersion "1"]
[SourceVersionDate "1999.11.16"]
[SourceQuality "1"]

1. e4 c5 2. Nc3 e6 3. g3 a6 4. Bg2 Qc7 5. Nf3 d6 6. d4 cxd4 7. Nxd4 Nf6 8. 0-0 Be7 9. Be3 0-0 10. a4 Nc6 11. Nb3 Na5 12. Nxa5 Qxa5 13. Qd2 Qc7 14. a5 Bd7 15. Na4 Bxa4 16. Rxa4 Nd7 17. Rd1 Rac8 18. c3 Ne5 19. Bb6 Qc6 20. Qc2 Nc4 21. Rb4 Bd8 22. Bxd8 Rfxd8 23. Ra1 Rd7 24. Bf1 Ne5 25. Be2 Qc5 26. Qb3 Qc7 27. Kg2 d5 28. exd5 exd5 29. Rd4 Rcd8 30. Qa2 Nc6 31. Rd2 d4 32. Bg4 Rd5 33. cxd4 Rxa5 34. Qb1 Rxa1 35. Qxa1 Rxd4 36. Qe1 g6 37. Bf3 Rxd2 38. Qxd2 Qb6 39. Bd5 Qd8 40. Qd1 Qc7 41. Qf3 Nd8 42. h4 Qe7 43. h5 b5 44. b4 1/2-1/2

[Event "Kassel op"]
[Site "Kassel"]
[Date "1999.05.22"]
[Round "2"]
[White "Bomert, Egon"]
[Black "Neumann, Andreas"]
[Result "1/2-1/2"]
[WhiteElo "2160"]
[BlackElo "2210"]
[PlyCount "100"]
[EventDate "1999.05.23"]
[EventType "swiss"]
[EventRounds "7"]
[EventCountry "GER"]
[SourceTitle "EXT 2000"]
[Source "ChessBase"]
[SourceDate "1999.11.16"]
[SourceVersion "1"]
[SourceVersionDate "1999.11.16"]
[SourceQuality "1"]

1. Nf3 c5 2. b3 d5 3. e3 Bf5 4. Bb2 e6 5. Bb5+ Nc6 6. 0-0 a6 7. Bxc6+ bxc6 8. d4 Nf6 9. Ne5 Qc7 10. Nd2 Bd6 11. h3 cxd4 12. exd4 0-0 13. Re1 c5 14. c4 cxd4 15. Bxd4 Bc5 16. Bxc5 Qxc5 17. cxd5 Qxd5 18. Ndc4 Rad8 19. Qxd5 Nxd5 20. Rad1 Nb4 21. Nd7 Bc2 22. Rd2 Rfe8 23. Rc1 Nd3 24. Rcxc2 Rxd7 25. Rc3 Red8 26. Nb6 Rd6 27. Rc8 Rxc8 28. Nxc8 Rd8 29. Ne7+ Kf8 30. Nc6 Rd5 31. Kf1 Ke8 32. Ke2 Nf4+ 33. Kd1 Rxd2+ 34. Kxd2 Nxg2 35. Nb4 Nf4 36. Nxa6 Nxh3 37. Ke3 g5 38. Nc5 Nf4 39. a4 Nd5+ 40. Kd4 h5 41. Ne4 f6 42. b4 h4 43. b5 h3 44. a5 h2 45. Ng3 Kd7 46. Kc5 Kc7 47. b6+ Kb7 48. Kd6 Nf4 49. Nh1 g4 50. Kc5 Nd5 1/2-1/2